000 00534nam a2200193Ia 4500
001 29773
003 IN-NITTTR
005 20251114233405.0
008 251113s9999||||xx |||||||||||||| ||eng||
040 _beng
040 _cIN-NITTTR
041 _aeng
082 _a624.1762 C41S
100 _aCheng, Franklin Y.
245 0 _aSmart structures :
_b innovative systems for seismic response control /
_cCheng, Franklin Y., Jiang, Hongping, Lou, Kangyu
700 _a Jiang, Hongping
700 _a Lou, Kangyu
942 _2ddc
_cBK
999 _c32401
_d32401